[Event "DEM U10 2020"]
[Site "Willingen GER"]
[Date "2020.10.28"]
[Round "2"]
[White "Besou, Hussain"]
[Black "Braun, Julian"]
[Result "1-0"]
[Termination "normal"]
[Board "1"]
[WhiteElo "1825"]
[BlackElo "1441"]
[WhiteClock "01:02:25"]
[BlackClock "00:32:24"]
[PlyCount "57"]
[WhiteFideId "16269950"]
[BlackFideId "16289293"]
[EventCountry "GER"]
[EventRounds "7"]
[EventType "swiss"]
[EventDate "2020.10.26"]

1. e4 {[%clk 1:15:30]} e5 {[%clk 1:15:53]} 2. Nf3 {[%clk 1:15:55]} Nc6 {[%clk
1:16:18]} 3. Bb5 {[%clk 1:16:18]} a6 {[%clk 1:16:35]} 4. Ba4 {[%clk 1:16:43]}
Nf6 {[%clk 1:16:59]} 5. O-O {[%clk 1:16:58]} b5 {[%clk 1:17:16]} 6. Bb3 {[%clk
1:17:22]} Be7 {[%clk 1:17:38]} 7. d3 {[%clk 1:17:47]} O-O {[%clk 1:17:56]} 8.
c3 {[%clk 1:18:13]} d6 {[%clk 1:17:59]} 9. h3 {[%clk 1:18:37]} Nb8 {[%clk
1:17:48]} 10. d4 {[%clk 1:18:43]} Nbd7 {[%clk 1:17:57]} 11. Nbd2 {[%clk
1:18:40]} Bb7 {[%clk 1:17:53]} 12. Re1 {[%clk 1:19:04]} h6 {[%clk 1:15:57]} 13.
d5 {[%clk 1:16:17]} c6 {[%clk 1:10:54]} 14. dxc6 {[%clk 1:13:32]} Bxc6 {[%clk
1:07:57]} 15. Bc2 {[%clk 1:13:57]} Nc5 {[%clk 1:07:19]} 16. b4 {[%clk 1:13:21]}
Ne6 {[%clk 1:06:17]} 17. Nf1 {[%clk 1:13:19]} Nf4 {[%clk 1:01:27]} 18. Bxf4
{[%clk 1:11:22]} exf4 {[%clk 1:01:55]} 19. Nd4 {[%clk 1:11:44]} Qd7 {[%clk
0:57:02]} 20. Qd2 {[%clk 1:11:30]} d5 {[%clk 0:55:43]} 21. Qxf4 {[%clk
1:01:21]} dxe4 {[%clk 0:42:41]} 22. Rad1 {[%clk 1:01:11]} Bd6 {[%clk 0:37:29]}
23. Qf5 {[%clk 1:00:10]} Qxf5 {[%clk 0:35:13]} 24. Nxf5 {[%clk 1:00:34]} Be5
{[%clk 0:35:06]} 25. Ne7+ {[%clk 1:00:59]} Kh8 {[%clk 0:35:12]} 26. Nxc6 {[%clk
1:01:28]} Bxc3 {[%clk 0:35:13]} 27. Re3 {[%clk 1:01:53]} Bb2 {[%clk 0:34:26]}
28. Bxe4 {[%clk 1:02:13]} Rac8 {[%clk 0:32:24]} 29. Bf3 {[%clk 1:02:25]} 1-0

[Event "DEM U10 2020"]
[Site "Willingen GER"]
[Date "2020.10.28"]
[Round "2"]
[White "Goldmann, David"]
[Black "Kullmann, Max"]
[Result "1-0"]
[Termination "normal"]
[Board "2"]
[WhiteElo "1644"]
[BlackElo "1375"]
[WhiteClock "01:07:32"]
[BlackClock "00:09:57"]
[PlyCount "149"]
[WhiteFideId "16268920"]
[BlackFideId "16218574"]
[EventCountry "GER"]
[EventRounds "7"]
[EventType "swiss"]
[EventDate "2020.10.26"]

1. c4 {[%clk 1:15:57]} e5 {[%clk 1:15:46]} 2. Nc3 {[%clk 1:16:22]} g6 {[%clk
1:14:20]} 3. Nf3 {[%clk 1:16:04]} Bg7 {[%clk 1:13:55]} 4. d4 {[%clk 1:14:54]}
Nc6 {[%clk 1:12:38]} 5. d5 {[%clk 1:14:57]} Nce7 {[%clk 1:11:25]} 6. d6 {[%clk
1:14:31]} cxd6 {[%clk 1:08:20]} 7. Nb5 {[%clk 1:14:02]} Qa5+ {[%clk 0:58:42]}
8. Bd2 {[%clk 1:13:48]} Qb6 {[%clk 0:58:52]} 9. Bc3 {[%clk 1:10:56]} d5 {[%clk
0:53:31]} 10. e3 {[%clk 1:01:34]} a6 {[%clk 0:51:48]} 11. Na3 {[%clk 1:01:07]}
d4 {[%clk 0:46:55]} 12. exd4 {[%clk 1:00:24]} exd4 {[%clk 0:46:04]} 13. Bxd4
{[%clk 1:00:53]} Bxd4 {[%clk 0:46:06]} 14. Qxd4 {[%clk 1:01:21]} Qxd4 {[%clk
0:45:48]} 15. Nxd4 {[%clk 1:01:50]} Nc6 {[%clk 0:45:28]} 16. O-O-O {[%clk
1:02:00]} Nge7 {[%clk 0:42:49]} 17. Be2 {[%clk 1:01:15]} O-O {[%clk 0:41:20]}
18. Bf3 {[%clk 1:01:33]} Nxd4 {[%clk 0:38:31]} 19. Rxd4 {[%clk 1:01:57]} Nc6
{[%clk 0:38:54]} 20. Rd2 {[%clk 0:59:55]} b5 {[%clk 0:35:35]} 21. b3 {[%clk
0:59:45]} bxc4 {[%clk 0:33:35]} 22. Nxc4 {[%clk 0:59:58]} Rb8 {[%clk 0:32:32]}
23. Kb2 {[%clk 0:59:15]} Rb5 {[%clk 0:32:00]} 24. Rc1 {[%clk 0:57:00]} Ne5
{[%clk 0:29:50]} 25. Be4 {[%clk 0:56:39]} Nxc4+ {[%clk 0:29:54]} 26. Rxc4
{[%clk 0:56:55]} Rd8 {[%clk 0:29:21]} 27. Rd6 {[%clk 0:55:33]} Bb7 {[%clk
0:28:47]} 28. Bxb7 {[%clk 0:55:52]} Rxb7 {[%clk 0:29:09]} 29. Rxa6 {[%clk
0:56:19]} d5 {[%clk 0:28:47]} 30. Rd4 {[%clk 0:56:42]} Re7 {[%clk 0:28:24]} 31.
Kc2 {[%clk 0:55:57]} Re2+ {[%clk 0:27:15]} 32. Rd2 {[%clk 0:56:11]} Re7 {[%clk
0:25:57]} 33. Rc6 {[%clk 0:56:00]} Ra7 {[%clk 0:24:45]} 34. a4 {[%clk 0:56:18]}
Rb7 {[%clk 0:24:11]} 35. a5 {[%clk 0:56:26]} Rb5 {[%clk 0:23:49]} 36. a6 {[%clk
0:56:42]} Ra8 {[%clk 0:23:13]} 37. Kc3 {[%clk 0:57:03]} Ra5 {[%clk 0:21:34]}
38. b4 {[%clk 0:56:51]} R5xa6 {[%clk 0:20:28]} 39. Rxa6 {[%clk 0:57:08]} Rxa6
{[%clk 0:20:52]} 40. Rxd5 {[%clk 0:57:32]} Kf8 {[%clk 0:20:43]} 41. Rd2 {[%clk
0:57:22]} Ke7 {[%clk 0:20:12]} 42. Kc4 {[%clk 0:57:04]} Ra8 {[%clk 0:19:35]}
43. b5 {[%clk 0:57:13]} Rc8+ {[%clk 0:19:32]} 44. Kb4 {[%clk 0:57:35]} Rb8
{[%clk 0:19:57]} 45. Ka5 {[%clk 0:57:51]} Ra8+ {[%clk 0:16:40]} 46. Kb6 {[%clk
0:57:59]} Ra3 {[%clk 0:16:38]} 47. Kb7 {[%clk 0:58:19]} Rb3 {[%clk 0:16:45]}
48. b6 {[%clk 0:58:45]} Rc3 {[%clk 0:16:40]} 49. Kb8 {[%clk 0:59:06]} Rb3
{[%clk 0:16:26]} 50. b7 {[%clk 0:59:31]} Rc3 {[%clk 0:16:42]} 51. Ra2 {[%clk
0:59:53]} Rd3 {[%clk 0:14:27]} 52. Ka8 {[%clk 0:59:57]} Rd8+ {[%clk 0:14:12]}
53. b8=Q {[%clk 1:00:00]} Rxb8+ {[%clk 0:14:36]} 54. Kxb8 {[%clk 1:00:24]} Kf6
{[%clk 0:14:56]} 55. Kc7 {[%clk 1:00:49]} Ke7 {[%clk 0:15:00]} 56. Re2+ {[%clk
1:01:15]} Kf6 {[%clk 0:14:58]} 57. Kd7 {[%clk 1:01:45]} Kg7 {[%clk 0:14:57]}
58. Ke7 {[%clk 1:02:14]} f5 {[%clk 0:15:10]} 59. f3 {[%clk 1:02:39]} Kh6 {[%clk
0:15:05]} 60. g4 {[%clk 1:02:58]} fxg4 {[%clk 0:15:23]} 61. fxg4 {[%clk
1:03:09]} Kg5 {[%clk 0:15:40]} 62. h3 {[%clk 1:03:34]} Kh4 {[%clk 0:15:20]} 63.
Re3 {[%clk 1:03:34]} Kg5 {[%clk 0:15:20]} 64. Re5+ {[%clk 1:03:54]} Kh4 {[%clk
0:11:28]} 65. g5 {[%clk 1:04:18]} Kh5 {[%clk 0:09:56]} 66. Kf7 {[%clk 1:04:26]}
h6 {[%clk 0:09:13]} 67. Kf6 {[%clk 1:04:52]} hxg5 {[%clk 0:09:07]} 68. Rxg5+
{[%clk 1:05:11]} Kh4 {[%clk 0:08:36]} 69. Rxg6 {[%clk 1:05:34]} Kxh3 {[%clk
0:08:51]} 70. Kf5 {[%clk 1:06:00]} Kh4 {[%clk 0:09:10]} 71. Rg8 {[%clk
1:06:24]} Kh3 {[%clk 0:09:34]} 72. Kf4 {[%clk 1:06:49]} Kh2 73. Kf3 {[%clk
1:07:09]} Kh1 {[%clk 0:09:31]} 74. Kf2 {[%clk 1:07:32]} Kh2 {[%clk 0:09:57]}
75. Rh8# 1-0

[Event "DEM U10 2020"]
[Site "Willingen GER"]
[Date "2020.10.28"]
[Round "2"]
[White "Sewerinow, Alexander"]
[Black "Yin, Vito"]
[Result "1-0"]
[Termination "normal"]
[Board "26"]
[WhiteElo "1202"]
[BlackElo "1320"]
[WhiteClock "00:59:59"]
[BlackClock "00:58:19"]
[PlyCount "85"]
[WhiteFideId "34604464"]
[BlackFideId "34601759"]
[EventCountry "GER"]
[EventRounds "7"]
[EventType "swiss"]
[EventDate "2020.10.26"]

1. e4 {[%clk 1:15:58]} e5 {[%clk 1:15:52]} 2. Nf3 Nc6 {[%clk 1:16:13]} 3. Bc4
{[%clk 1:16:43]} d6 {[%clk 1:16:20]} 4. h3 {[%clk 1:16:56]} Be7 {[%clk
1:16:32]} 5. d3 {[%clk 1:17:05]} Nf6 {[%clk 1:16:44]} 6. Nc3 {[%clk 1:17:26]}
a6 {[%clk 1:16:07]} 7. a4 {[%clk 1:17:43]} O-O {[%clk 1:15:35]} 8. O-O {[%clk
1:17:39]} Re8 {[%clk 1:15:10]} 9. Be3 {[%clk 1:15:04]} Bf8 {[%clk 1:14:07]} 10.
Bg5 {[%clk 1:13:18]} Be6 {[%clk 1:11:35]} 11. Bxf6 {[%clk 1:10:33]} Qxf6 {[%clk
1:11:49]} 12. Bxe6 {[%clk 1:10:41]} Rxe6 {[%clk 1:12:08]} 13. Nd5 {[%clk
1:10:44]} Qd8 {[%clk 1:11:42]} 14. Re1 {[%clk 1:10:01]} Ne7 {[%clk 1:11:22]}
15. Nxe7+ {[%clk 1:08:16]} Rxe7 {[%clk 1:11:22]} 16. c3 {[%clk 1:08:12]} b5
{[%clk 1:11:12]} 17. d4 {[%clk 1:06:40]} f6 {[%clk 1:10:06]} 18. dxe5 {[%clk
1:03:58]} fxe5 {[%clk 1:09:54]} 19. Qd5+ {[%clk 1:01:09]} Kh8 {[%clk 1:08:11]}
20. axb5 {[%clk 1:01:09]} axb5 {[%clk 1:08:04]} 21. Rxa8 {[%clk 1:01:16]} Qxa8
{[%clk 1:06:03]} 22. Qxa8 {[%clk 1:01:34]} Kg8 {[%clk 1:06:26]} 23. Ra1 {[%clk
1:01:43]} h6 {[%clk 1:06:29]} 24. Ra7 {[%clk 1:01:03]} Rf7 {[%clk 1:06:02]} 25.
Rb7 {[%clk 1:01:24]} Rf4 {[%clk 1:04:24]} 26. Qa7 {[%clk 1:01:27]} c6 {[%clk
1:03:51]} 27. Qa8 {[%clk 1:00:21]} d5 {[%clk 1:03:19]} 28. exd5 {[%clk
1:00:06]} cxd5 {[%clk 1:03:40]} 29. Rb8 {[%clk 1:00:28]} e4 {[%clk 1:03:45]}
30. Qxd5+ {[%clk 1:00:47]} Kh7 {[%clk 1:00:49]} 31. Qe5 {[%clk 0:59:14]} Rf6
{[%clk 1:00:20]} 32. Qxe4+ {[%clk 0:59:15]} Kg8 {[%clk 1:00:04]} 33. Nh4 {[%clk
0:58:22]} Kf7 {[%clk 0:56:39]} 34. Qd5+ {[%clk 0:58:04]} Ke7 {[%clk 0:56:47]}
35. Nf5+ {[%clk 0:58:20]} Rxf5 {[%clk 0:56:59]} 36. Qxf5 {[%clk 0:58:39]} b4
{[%clk 0:56:56]} 37. Qxf8+ {[%clk 0:58:54]} Ke6 {[%clk 0:57:20]} 38. Qc5 {[%clk
0:58:51]} g5 {[%clk 0:57:40]} 39. Rb6+ {[%clk 0:59:16]} Kd7 {[%clk 0:57:40]}
40. Qc6+ {[%clk 0:59:33]} Kd8 {[%clk 0:58:04]} 41. Qa8+ {[%clk 0:59:39]} Kc7
{[%clk 0:58:26]} 42. Qa7+ {[%clk 0:59:59]} Kc8 {[%clk 0:58:19]} 43. Rb8# 1-0

[Event "DEM U10 2020"]
[Site "Willingen GER"]
[Date "2020.10.28"]
[Round "2"]
[White "Mündörfer, Sebastian"]
[Black "Zimmer, Tim"]
[Result "0-1"]
[Termination "normal"]
[Board "29"]
[WhiteElo "1175"]
[BlackElo "1025"]
[WhiteClock "01:09:11"]
[BlackClock "00:11:45"]
[PlyCount "90"]
[WhiteFideId "34604367"]
[BlackFideId "34603115"]
[EventCountry "GER"]
[EventRounds "7"]
[EventType "swiss"]
[EventDate "2020.10.26"]

1. d4 {[%clk 1:15:56]} Nf6 {[%clk 1:15:35]} 2. c4 {[%clk 1:16:19]} e6 {[%clk
1:15:35]} 3. Nf3 {[%clk 1:16:41]} b6 {[%clk 1:15:27]} 4. g3 {[%clk 1:16:30]}
Bb4+ {[%clk 1:07:53]} 5. Bd2 {[%clk 1:16:49]} Be7 {[%clk 1:08:16]} 6. Bg2
{[%clk 1:17:13]} Bb7 {[%clk 1:08:37]} 7. Nc3 {[%clk 1:17:22]} Ne4 {[%clk
1:03:01]} 8. Nxe4 {[%clk 1:17:20]} Bxe4 {[%clk 0:59:12]} 9. O-O {[%clk
1:17:39]} g5 {[%clk 0:57:33]} 10. Bc3 {[%clk 1:16:14]} d5 {[%clk 0:55:30]} 11.
c5 {[%clk 1:16:09]} h5 {[%clk 0:53:54]} 12. Qa4+ {[%clk 1:14:46]} Nd7 {[%clk
0:50:03]} 13. Ne5 {[%clk 1:14:55]} Bxg2 {[%clk 0:49:55]} 14. Kxg2 {[%clk
1:15:16]} bxc5 {[%clk 0:49:40]} 15. dxc5 {[%clk 1:15:18]} f6 {[%clk 0:47:38]}
16. Nxd7 {[%clk 1:13:35]} Qxd7 {[%clk 0:47:57]} 17. Qxd7+ {[%clk 1:13:20]} Kxd7
{[%clk 0:48:19]} 18. b4 {[%clk 1:13:38]} e5 {[%clk 0:47:54]} 19. Rfd1 {[%clk
1:13:30]} Ke6 {[%clk 0:47:32]} 20. e3 {[%clk 1:13:04]} h4 {[%clk 0:44:52]} 21.
f4 {[%clk 1:12:25]} h3+ {[%clk 0:41:35]} 22. Kf2 {[%clk 1:11:41]} Rhg8 {[%clk
0:41:51]} 23. Kf3 {[%clk 1:09:55]} g4+ {[%clk 0:38:50]} 24. Kf2 {[%clk
1:10:17]} Raf8 {[%clk 0:39:01]} 25. c6 {[%clk 1:08:02]} a6 {[%clk 0:36:13]} 26.
a4 {[%clk 1:07:41]} Kd6 {[%clk 0:35:43]} 27. b5 {[%clk 1:08:02]} axb5 {[%clk
0:34:24]} 28. axb5 {[%clk 1:08:25]} Ra8 {[%clk 0:34:45]} 29. Ra5 {[%clk
1:05:55]} Rxa5 {[%clk 0:22:07]} 30. Bxa5 {[%clk 1:06:17]} Rd8 {[%clk 0:15:45]}
31. f5 Kc5 {[%clk 0:13:00]} 32. Bxc7 {[%clk 1:06:41]} Rc8 {[%clk 0:13:06]} 33.
Rb1 {[%clk 1:06:35]} Rxc7 {[%clk 0:11:54]} 34. b6 {[%clk 1:06:48]} Rxc6 {[%clk
0:12:15]} 35. b7 {[%clk 1:07:09]} Bd6 {[%clk 0:12:38]} 36. b8=Q {[%clk
1:07:14]} Bxb8 37. Rxb8 Rb6 {[%clk 0:12:11]} 38. Rg8 {[%clk 1:07:09]} Rb2+
{[%clk 0:12:33]} 39. Kg1 {[%clk 1:07:31]} Rg2+ {[%clk 0:12:36]} 40. Kh1 {[%clk
1:07:54]} Re2 {[%clk 0:12:58]} 41. Kg1 {[%clk 1:08:18]} Rxe3 {[%clk 0:13:00]}
42. Rxg4 {[%clk 1:08:35]} Rf3 {[%clk 0:12:52]} 43. Rh4 {[%clk 1:08:24]} d4
{[%clk 0:12:09]} 44. g4 {[%clk 1:08:48]} d3 {[%clk 0:11:38]} 45. g5 {[%clk
1:09:11]} d2 {[%clk 0:11:45]} 0-1

[Event "DEM U10 2020"]
[Site "Willingen GER"]
[Date "2020.10.28"]
[Round "3"]
[White "Xue, Luka"]
[Black "Besou, Hussain"]
[Result "1/2-1/2"]
[Termination "normal"]
[Board "1"]
[WhiteElo "1473"]
[BlackElo "1825"]
[WhiteClock "00:59:49"]
[BlackClock "00:54:37"]
[PlyCount "62"]
[WhiteFideId "16277252"]
[BlackFideId "16269950"]
[EventCountry "GER"]
[EventRounds "7"]
[EventType "swiss"]
[EventDate "2020.10.26"]

1. d4 {[%clk 1:15:35]} Nf6 {[%clk 1:15:50]} 2. Nf3 {[%clk 1:15:49]} g6 {[%clk
1:16:14]} 3. g3 {[%clk 1:15:27]} b6 {[%clk 1:16:38]} 4. Bg2 {[%clk 1:15:28]}
Bb7 {[%clk 1:17:03]} 5. O-O {[%clk 1:15:45]} Bg7 {[%clk 1:17:29]} 6. c4 {[%clk
1:15:20]} O-O {[%clk 1:17:49]} 7. Nc3 {[%clk 1:14:57]} Ne4 {[%clk 1:17:57]} 8.
Qc2 {[%clk 1:14:52]} Nxc3 {[%clk 1:18:19]} 9. bxc3 {[%clk 1:14:50]} d6 {[%clk
1:18:12]} 10. e4 {[%clk 1:14:33]} e5 {[%clk 1:18:30]} 11. d5 {[%clk 1:14:28]}
Nd7 {[%clk 1:18:44]} 12. Bg5 {[%clk 1:12:40]} Qe8 {[%clk 1:15:14]} 13. Bh3
{[%clk 1:10:35]} Nc5 {[%clk 1:15:23]} 14. Nd2 {[%clk 1:10:15]} h6 {[%clk
1:14:48]} 15. Be3 {[%clk 1:10:15]} Qa4 {[%clk 1:09:48]} 16. Rfc1 {[%clk
1:06:55]} Qxc2 {[%clk 1:08:09]} 17. Rxc2 {[%clk 1:07:19]} Na6 {[%clk 1:07:00]}
18. a4 {[%clk 1:06:30]} Bc8 {[%clk 0:56:33]} 19. Bxc8 {[%clk 1:05:09]} Rfxc8
{[%clk 0:56:04]} 20. a5 {[%clk 1:04:54]} Nc5 {[%clk 0:55:46]} 21. Rca2 {[%clk
1:03:42]} a6 {[%clk 0:55:15]} 22. axb6 {[%clk 1:03:21]} cxb6 {[%clk 0:55:39]}
23. Bxc5 {[%clk 1:03:04]} bxc5 {[%clk 0:55:22]} 24. Rxa6 {[%clk 1:02:40]} Rxa6
{[%clk 0:55:47]} 25. Rxa6 {[%clk 1:03:06]} Bf8 {[%clk 0:56:10]} 26. Kf1 {[%clk
1:02:34]} Rb8 {[%clk 0:56:27]} 27. Ke2 {[%clk 1:02:49]} Kg7 {[%clk 0:56:40]}
28. f4 {[%clk 1:02:44]} exf4 {[%clk 0:55:00]} 29. gxf4 {[%clk 1:01:38]} g5
{[%clk 0:55:24]} 30. Ke3 {[%clk 1:00:15]} f6 {[%clk 0:54:40]} 31. Ra7+ {[%clk
0:59:49]} Kg8 {[%clk 0:54:37]} 1/2-1/2

[Event "DEM U10 2020"]
[Site "Willingen GER"]
[Date "2020.10.28"]
[Round "3"]
[White "Burkart, Lloyd Shang"]
[Black "Goldmann, David"]
[Result "1/2-1/2"]
[Termination "normal"]
[Board "2"]
[WhiteElo "1508"]
[BlackElo "1644"]
[WhiteClock "00:01:44"]
[BlackClock "00:18:38"]
[PlyCount "68"]
[WhiteFideId "16239059"]
[BlackFideId "16268920"]
[EventCountry "GER"]
[EventRounds "7"]
[EventType "swiss"]
[EventDate "2020.10.26"]

1. d4 {[%clk 1:15:59]} Nf6 {[%clk 1:15:54]} 2. c4 {[%clk 1:16:11]} e6 {[%clk
1:16:18]} 3. g3 {[%clk 1:16:02]} d5 {[%clk 1:15:28]} 4. Nf3 {[%clk 1:15:59]} c5
{[%clk 1:15:07]} 5. cxd5 {[%clk 1:15:49]} exd5 {[%clk 1:12:43]} 6. Bg2 {[%clk
1:15:01]} Nc6 {[%clk 1:12:58]} 7. O-O {[%clk 1:14:48]} Be6 {[%clk 1:13:04]} 8.
b3 {[%clk 1:12:14]} Be7 {[%clk 1:11:36]} 9. dxc5 {[%clk 1:12:17]} Bxc5 {[%clk
1:11:45]} 10. Nc3 {[%clk 1:11:01]} O-O {[%clk 1:10:31]} 11. Bb2 {[%clk
1:10:23]} a6 {[%clk 1:09:31]} 12. Rc1 {[%clk 1:09:19]} Qe7 {[%clk 1:05:41]} 13.
Qc2 {[%clk 1:05:29]} Ba7 {[%clk 1:04:20]} 14. Rfd1 {[%clk 1:00:53]} Rfd8 {[%clk
1:02:58]} 15. Na4 {[%clk 0:52:26]} Rac8 {[%clk 1:01:48]} 16. Qb1 {[%clk
0:44:31]} Bg4 {[%clk 0:57:48]} 17. e3 {[%clk 0:41:23]} b5 {[%clk 0:56:46]} 18.
Nc3 {[%clk 0:41:34]} Bb6 {[%clk 0:51:13]} 19. h3 {[%clk 0:34:33]} Bh5 {[%clk
0:50:27]} 20. Ne2 {[%clk 0:34:28]} Bg6 {[%clk 0:45:20]} 21. Qa1 {[%clk
0:34:22]} Re8 {[%clk 0:39:49]} 22. Nf4 {[%clk 0:27:28]} Be4 {[%clk 0:30:59]}
23. Bxf6 {[%clk 0:26:36]} gxf6 {[%clk 0:31:03]} 24. Nxd5 {[%clk 0:25:38]} Bxd5
{[%clk 0:30:13]} 25. Rxd5 {[%clk 0:25:53]} Nb4 {[%clk 0:29:06]} 26. Rxc8 {[%clk
0:20:23]} Rxc8 {[%clk 0:29:22]} 27. Rf5 {[%clk 0:18:19]} Rc6 {[%clk 0:26:49]}
28. Nd2 {[%clk 0:03:57]} Qd7 {[%clk 0:23:11]} 29. Bxc6 {[%clk 0:03:37]} Qxf5
{[%clk 0:22:19]} 30. Be4 {[%clk 0:03:33]} Qg5 {[%clk 0:20:06]} 31. Nf1 {[%clk
0:02:39]} Kg7 {[%clk 0:19:39]} 32. Qb2 {[%clk 0:01:25]} h6 {[%clk 0:18:52]} 33.
Qd2 {[%clk 0:01:33]} a5 {[%clk 0:19:00]} 34. Bb7 {[%clk 0:01:44]} Qc5 {[%clk
0:18:38]} 1/2-1/2

[Event "DEM U10 2020"]
[Site "Willingen GER"]
[Date "2020.10.28"]
[Round "3"]
[White "Neuhoff, Laertes"]
[Black "Bangert, Jonas"]
[Result "1/2-1/2"]
[Termination "normal"]
[Board "3"]
[WhiteElo "1655"]
[BlackElo "1549"]
[WhiteClock "00:09:43"]
[BlackClock "01:14:26"]
[PlyCount "126"]
[WhiteFideId "16279719"]
[BlackFideId "16289650"]
[EventCountry "GER"]
[EventRounds "7"]
[EventType "swiss"]
[EventDate "2020.10.26"]

1. e4 {[%clk 1:15:56]} c6 {[%clk 1:15:55]} 2. d4 {[%clk 1:16:14]} d5 {[%clk
1:16:23]} 3. exd5 {[%clk 1:16:28]} cxd5 {[%clk 1:16:46]} 4. c4 {[%clk 1:16:47]}
e6 {[%clk 1:10:56]} 5. Nc3 {[%clk 1:16:33]} Nf6 {[%clk 1:10:42]} 6. Nf3 {[%clk
1:15:58]} b6 {[%clk 1:09:06]} 7. cxd5 {[%clk 1:10:25]} Nxd5 {[%clk 1:09:27]} 8.
Bb5+ {[%clk 1:10:35]} Bd7 {[%clk 1:07:25]} 9. Bxd7+ {[%clk 1:10:33]} Nxd7
{[%clk 1:07:41]} 10. Nxd5 {[%clk 1:10:57]} exd5 {[%clk 1:08:06]} 11. O-O {[%clk
1:10:27]} Be7 {[%clk 1:08:13]} 12. Bf4 {[%clk 1:10:11]} O-O {[%clk 1:08:30]}
13. Rc1 {[%clk 1:08:58]} Nf6 {[%clk 1:08:39]} 14. Bc7 {[%clk 0:54:00]} Qd7
{[%clk 1:07:30]} 15. Ne5 {[%clk 0:51:57]} Qb5 {[%clk 1:06:08]} 16. Nc6 {[%clk
0:47:59]} Rfe8 {[%clk 1:05:17]} 17. Re1 {[%clk 0:35:24]} Bf8 {[%clk 1:03:47]}
18. Qc2 {[%clk 0:24:05]} Qa6 {[%clk 0:59:22]} 19. Qb3 {[%clk 0:05:38]} Rxe1+
{[%clk 0:59:03]} 20. Rxe1 {[%clk 0:06:07]} Qb7 {[%clk 0:59:09]} 21. Ne7+ {[%clk
0:05:59]} Bxe7 {[%clk 0:58:50]} 22. Rxe7 {[%clk 0:06:23]} Qc6 {[%clk 0:59:08]}
23. Bf4 Rc8 {[%clk 0:58:56]} 24. h3 {[%clk 0:05:11]} a6 {[%clk 0:58:57]} 25.
Re3 {[%clk 0:03:56]} b5 {[%clk 0:58:31]} 26. Rc3 {[%clk 0:03:30]} Qb7 {[%clk
0:58:20]} 27. Rxc8+ {[%clk 0:03:07]} Qxc8 {[%clk 0:58:43]} 28. Be5 {[%clk
0:03:00]} Qc4 {[%clk 0:56:27]} 29. Qxc4 {[%clk 0:15:02]} bxc4 {[%clk 1:11:48]}
30. Bxf6 {[%clk 0:15:31]} gxf6 {[%clk 1:12:06]} 31. Kf1 {[%clk 0:15:57]} Kf8
{[%clk 1:12:12]} 32. Ke2 {[%clk 0:16:27]} Ke7 {[%clk 1:12:30]} 33. Kd2 {[%clk
0:16:52]} Kd6 {[%clk 1:12:46]} 34. Kc3 {[%clk 0:17:18]} Kc6 {[%clk 1:12:57]}
35. Kb4 {[%clk 0:17:47]} Kb6 {[%clk 1:13:05]} 36. b3 {[%clk 0:18:14]} a5+
{[%clk 1:12:55]} 37. Kc3 {[%clk 0:18:39]} cxb3 {[%clk 1:13:16]} 38. axb3 {[%clk
0:19:07]} Kc6 {[%clk 1:13:32]} 39. f4 {[%clk 0:19:02]} Kb5 {[%clk 1:12:08]} 40.
g3 {[%clk 0:19:08]} Kc6 {[%clk 1:12:06]} 41. Kb2 {[%clk 0:19:03]} Kb6 {[%clk
1:12:15]} 42. g4 {[%clk 0:19:04]} Kc6 {[%clk 1:12:21]} 43. Ka3 {[%clk 0:19:06]}
Kb5 {[%clk 1:12:38]} 44. f5 {[%clk 0:19:30]} Kb6 {[%clk 1:10:59]} 45. Ka4
{[%clk 0:19:54]} Ka6 {[%clk 1:11:16]} 46. h4 Kb6 {[%clk 1:11:04]} 47. b4 {[%clk
0:20:37]} axb4 {[%clk 1:11:17]} 48. Kxb4 {[%clk 0:21:06]} Kc6 {[%clk 1:11:28]}
49. Ka5 {[%clk 0:21:19]} h6 {[%clk 1:11:41]} 50. h5 {[%clk 0:21:43]} Kd6 {[%clk
1:12:01]} 51. Kb6 {[%clk 0:21:57]} Kd7 {[%clk 1:11:47]} 52. Kc5 {[%clk
0:22:13]} Kc7 {[%clk 1:12:10]} 53. Kxd5 {[%clk 0:22:38]} Kd7 {[%clk 1:12:35]}
54. Kc5 {[%clk 0:23:02]} Kc7 {[%clk 1:12:46]} 55. d5 {[%clk 0:23:28]} Kd7
{[%clk 1:13:02]} 56. Kb6 {[%clk 0:10:06]} Kd6 {[%clk 1:13:09]} 57. Kb7 {[%clk
0:10:30]} Kd7 {[%clk 1:13:18]} 58. Kb8 {[%clk 0:09:02]} Kd8 {[%clk 1:13:28]}
59. d6 {[%clk 0:08:06]} Kd7 {[%clk 1:13:49]} 60. Kb7 {[%clk 0:08:31]} Kxd6
{[%clk 1:13:25]} 61. Kc8 {[%clk 0:08:54]} Ke7 {[%clk 1:13:47]} 62. Kc7 {[%clk
0:09:20]} Ke8 {[%clk 1:14:04]} 63. Kd6 {[%clk 0:09:43]} Kd8 {[%clk 1:14:26]}
1/2-1/2

[Event "DEM U10 2020"]
[Site "Willingen GER"]
[Date "2020.10.28"]
[Round "3"]
[White "Herrmann, Jakob"]
[Black "Mandalka, Justus"]
[Result "1-0"]
[Termination "normal"]
[Board "5"]
[WhiteElo "1504"]
[BlackElo "1437"]
[WhiteClock "01:10:28"]
[BlackClock "01:15:03"]
[PlyCount "25"]
[WhiteFideId "16287169"]
[BlackFideId "16298144"]
[EventCountry "GER"]
[EventRounds "7"]
[EventType "swiss"]
[EventDate "2020.10.26"]

1. e4 {[%clk 1:15:52]} c5 {[%clk 1:15:55]} 2. Nc3 {[%clk 1:15:57]} Nc6 {[%clk
1:16:16]} 3. Nge2 {[%clk 1:15:56]} g6 {[%clk 1:16:26]} 4. d3 {[%clk 1:15:55]}
Bg7 {[%clk 1:16:39]} 5. Be3 {[%clk 1:15:08]} d6 {[%clk 1:16:30]} 6. Qd2 {[%clk
1:14:41]} e6 {[%clk 1:15:20]} 7. d4 {[%clk 1:13:54]} cxd4 {[%clk 1:15:32]} 8.
Nxd4 {[%clk 1:14:14]} Nge7 {[%clk 1:15:36]} 9. Ndb5 {[%clk 1:09:53]} d5 {[%clk
1:14:47]} 10. exd5 {[%clk 1:09:53]} Nxd5 {[%clk 1:15:06]} 11. Nxd5 {[%clk
1:10:00]} Qxd5 {[%clk 1:15:03]} 12. Nc7+ {[%clk 1:10:28]} Qd8 13. Nb5 1-0